| 000 | 00822nam a2200253 a 4500 | ||
|---|---|---|---|
| 001 | BRL_472 | ||
| 005 | 20190320210746.0 | ||
| 008 | 190813s1959----u--a######---#000-0#eng-# | ||
| 041 | _aeng | ||
| 044 | _au | ||
| 050 | 4 |
_aF1219.5 _b.R63 1959 |
|
| 100 | 1 |
_aRobertson, Donald _924020 |
|
| 245 | 1 | 0 |
_aMexican Manuscript Painting of the Early Colonial Period _bThe Metropolitan Schools _cDonald Robertson |
| 260 |
_aNew Haven _bYale University Press _c1959 |
||
| 300 |
_axix, 234 p. _b88 laminas _c28 cm |
||
| 440 | 0 |
_aYale historical publications. History of art _v12 _924021 |
|
| 500 | _aAu483 | ||
| 504 | _aBibliografía: p. 203-222 | ||
| 650 | 1 | 4 |
_aMiniaturas _zMéxico _924022 |
| 650 | 1 | 4 |
_aIluminación de libros y manuscritos _zMéxico _917523 |
| 650 | 1 | 4 |
_aManuscritos mexicanos _9781 |
| 902 | _aGRL | ||
| 942 |
_2lcc _cB |
||
| 999 |
_c9284 _d9284 |
||